000 00579nam a2200181Ia 4500
008 090124s9999 xx 000 0 und d
082 _b120955
100 _aआफळे सुनीती
245 _a दक्षिणा ( लघुकादंबरी )
250 _a1
260 _c1985
300 _a132
600 _aआफळे सुनीती
630 _a दक्षिणा ( लघुकादंबरी )
700 _aआफळे सुनीती
730 _a दक्षिणा ( लघुकादंबरी )
942 _cBOOK
999 _c167041
_d167041